Normal view
MARC view
- Adarsha Gopalakrisha Bhat
Entry Personal Name
001 - CONTROL NUMBER
- control field: 5122
003 - CONTROL NUMBER IDENTIFIER
- control field: OSt
005 - DATE AND TIME OF LATEST TRANSACTION
- control field: 20211130151150.0
008 - FIXED-LENGTH DATA ELEMENTS
- fixed length control field: 211130|| aca||aabn | a|a d
040 ## - CATALOGING SOURCE
- Original cataloging agency: OSt
- Transcribing agency: OSt
100 ## - HEADING--PERSONAL NAME
- Personal name: Adarsha Gopalakrisha Bhat
670 ## - SOURCE DATA FOUND
- Source citation: Work cat.: (OSt): Adarsha Gopalakrisha Bhat, Development and Evaluation of small scall Hydroponic Green Fodder production system, 2021
